书目信息 |
| 题名: |
魔法铅笔
|
|
| 作者: | 科尔 绘 ;国开童媒北京文化传媒公司 编 | |
| 分册: | ||
| 出版信息: | 北京 中央广播电视大学出版社 2015 |
|
| 页数: | 1册 | |
| 开本: | 14×14cm | |
| 丛书名: | ||
| 单 册: | ||
| 中图分类: | G613.3 | |
| 科图分类: | ||
| 主题词: | 故事课--学前教育--儿童读物 | |
| 电子资源: | ||
| ISBN: | 978-7-304-06907-0 | |
| 000 | 00932nam0 2200265 450 | |
| 001 | 0103792007 | |
| 005 | 20160331161910.0 | |
| 010 | @a978-7-304-06907-0@b精装@dCNY18.00 | |
| 100 | @a20160325d2015 bemy0chiy0120 ea | |
| 101 | 0 | @achi |
| 102 | @aCN@b110000 | |
| 105 | @aa z 000yy | |
| 106 | @ar | |
| 200 | 1 | @a魔法铅笔@9Mo Fa Qian;Yan Bi @f(哥伦)伊瓦尔·达·科尔绘@g国开童媒(北京)文化传播有限公司编@b专著@dChigüiro y el lápiz@zspa |
| 210 | @a北京@c中央广播电视大学出版社@d2015 | |
| 215 | @a1册@c彩图@d14×14cm | |
| 300 | @a快乐的水豚系列 | |
| 304 | @a本书无题名页,200字段信息取自版权页 | |
| 510 | 1 | @aChigüiro y el lápiz@zspa |
| 606 | 0 | @a故事课@x学前教育@j儿童读物 |
| 690 | @aG613.3@v5 | |
| 701 | 0 | @c(哥伦)@a科尔@9ke er@c(Coll, Ivar Da)@4绘 |
| 712 | 02 | @a国开童媒北京文化传媒公司@9guo kai tong mei bei jing wen hua chuan mei gong si@4编 |
| 801 | 0 | @aCN@bDST@c20151031 |
| 905 | @aBZT@dG613.3@e12@f4@sG613.3/12 | |
| 魔法铅笔/(哥伦)伊瓦尔·达·科尔绘/国开童媒(北京)文化传播有限公司编=Chigüiro y el lápiz.-北京:中央广播电视大学出版社,2015 |
| 1册:彩图;14×14cm |
| 快乐的水豚系列 |
| ISBN 978-7-304-06907-0(精装):CNY18.00 |
| ● |
| 相关链接 |
|
|
|
正题名:魔法铅笔
索取号:G613.3/12
 
预约/预借
| 序号 | 登录号 | 条形码 | 馆藏地/架位号 | 状态 | 备注 |
| 1 | 2000058295 | 2000058295 | 旧书回溯/ [索取号:G613.3/12] | 在馆 | |
| 2 | 2000058296 | 2000058296 | 旧书回溯/ [索取号:G613.3/12] | 在馆 | |
| 3 | 2000058297 | 2000058297 | 旧书回溯/ [索取号:G613.3/12] | 在馆 | |
| 4 | 2000059154 | 2000059154 | 旧书回溯/ [索取号:G613.3/12] | 在馆 |